000 00707nam a2200181Ia 4500
008 090124s9999 xx 000 0 und d
082 _b34475
100 _aहिरेमठ प्रा. डॉ. राजशेखर गं.
245 _a गझल : रंग आणि गंध
250 _a1
260 _bमेहता पब्लिशिंग हाऊस
_c1989
300 _a80
600 _aहिरेमठ प्रा. डॉ. राजशेखर गं.
630 _a गझल : रंग आणि गंध
700 _aहिरेमठ प्रा. डॉ. राजशेखर गं.
730 _a गझल : रंग आणि गंध
942 _cBOOK
999 _c100411
_d100411